000
00326nam a2200133 a 4500
005
20140414093838.0
008
110322s19uu xx uuu eng d
050
_a
CT
_b
BAL
245
_a
Ballroom music :
_b
vol. 2.
260
_a
Philippines :
_b
D' Concorde recording.
650
_a
Dancing
942
_c
AVM
999
_c
109137
_d
109137